[Event "Capablanca Memorial Elite 53rd"]
[Site "Havana"]
[Date "2018.05.17"]
[Round "8"]
[White "Anton Guijarro, David"]
[Black "Rakhmanov, Alexander"]
[Result "1-0"]
[WhiteElo "2646"]
[BlackElo "2635"]
[Annotator "Yermolinsky,A"]
[PlyCount "157"]
[EventDate "2018.05.09"]
[EventType "tourn"]
[EventRounds "10"]
[EventCountry "CUB"]
[EventCategory "16"]
[SourceTitle "CBM 185"]
[Source "ChessBase"]
[SourceDate "2018.07.13"]
[SourceVersion "1"]
[SourceVersionDate "2018.07.13"]
[SourceQuality "1"]

1. d4 Nf6 2. c4 d6 3. Nc3 Bf5 4. Bg5 Nbd7 5. e3 h6 6. Bh4 c6 7. Bd3 Bxd3 8.
Qxd3 d5 9. cxd5 cxd5 10. Qb5 g5 11. Bg3 Qb6 12. Nf3 e6 13. Qe2 Bb4 14. O-O Bxc3
15. bxc3 Ne4 16. c4 dxc4 ({It's hard to understand what Rakhmanov didn't like
about the logical move} 16... Qa6) 17. Qxc4 Qc6 18. Qb4 {Anton is looking for
more} ({than the small edge available in} 18. Qxc6 bxc6 19. Rfc1 c5 20. dxc5
Ndxc5 21. Be5 O-O 22. Rc4 $14) 18... a5 {This pawn move will come back to bite
Black.} 19. Qb2 Qd5 20. Nd2 O-O 21. Nxe4 Qxe4 22. Rab1 {Now we can see a
horrible weakness on the b-file. Rakhmanov decides to ditch that pawn and he
defends tough to the bitter end} Rfc8 (22... b6 23. Qb5 Qb7 24. f4 $1 {might
have brought about a speedier demise.}) 23. Qxb7 Nf6 24. Be5 Qxb7 25. Rxb7 Nd5
26. a3 Rc2 27. h4 gxh4 28. Kh2 Rac8 29. Kh3 Nc3 30. Kxh4 Ne4 31. f3 Ng5 32. Kg3
(32. Rg1 $1 Ra2 33. Kh5 {was a nice idea.}) 32... Kh7 33. Rf2 R2c3 34. Re2 Kg6
35. Bd6 Rh8 36. Rb5 a4 37. Ra5 Rc4 38. Bf4 Nh7 39. Kh3 Nf6 40. Be5 {White is
improving his position at a slow but steady pace. I'm impressed.} Rhc8 41. Re1
Rd8 42. Ra6 Nh7 43. Kg3 h5 44. Kf2 h4 45. Re2 Ng5 46. Bf4 Nh7 47. Ra5 Rd7 48.
Rb2 f6 49. Ra6 Kf7 50. Ke2 Nf8 51. Bd6 Ng6 52. Kd2 h3 53. gxh3 Nh4 54. Ke2 Rc1
55. Bg3 Nf5 56. Bf2 Rdc7 57. e4 Ne7 58. Rxa4 Ng6 59. Rab4 Nf4+ 60. Kd2 Nxh3 61.
Be3 f5 62. exf5 exf5 63. d5 Ra1 64. Rb7 Rxb7 65. Rxb7+ Kg6 66. Rb6+ Kf7 67.
Rb7+ Kg6 68. Rb3 Ra2+ 69. Kd3 f4 70. Bc5 Ng5 71. Kc4 Kf5 72. Kb5 Ke5 73. Rd3
Nf7 74. d6 Rb2+ 75. Bb4 Ke6 76. d7 Nd8 77. a4 Re2 78. a5 Re3 79. Rd6+ 1-0